Principles of marketing - philip kotler - paperback - / (Record no. 348007)
[ view plain ]
| 000 -LEADER | |
|---|---|
| fixed length control field | 00717 a2200229 4500 |
| 003 - CONTROL NUMBER IDENTIFIER | |
| control field | OSt |
| 005 - DATE AND TIME OF LATEST TRANSACTION | |
| control field | 20180116182907.0 |
| 008 - FIXED-LENGTH DATA ELEMENTS--GENERAL INFORMATION | |
| fixed length control field | 160426b xxu||||| |||| 00| 0 eng d |
| 020 ## - INTERNATIONAL STANDARD BOOK NUMBER | |
| International Standard Book Number | 8120323491 (paperback) |
| 020 ## - INTERNATIONAL STANDARD BOOK NUMBER | |
| International Standard Book Number | 9788120323490 (paperback) |
| 040 ## - CATALOGING SOURCE | |
| Transcribing agency | 0 |
| 100 1# - MAIN ENTRY--PERSONAL NAME | |
| Personal name | Philip Kotler. |
| 245 10 - TITLE STATEMENT | |
| Title | Principles of marketing - philip kotler - paperback - / |
| Statement of responsibility, etc. | Philip Kotler. |
| 250 ## - EDITION STATEMENT | |
| Edition statement | tenth ed. |
| 260 ## - PUBLICATION, DISTRIBUTION, ETC. | |
| Date of publication, distribution, etc. | 2004. |
| 300 ## - PHYSICAL DESCRIPTION | |
| Extent | 1 v. (unpaged) ; |
| Dimensions | 28 cm. |
| 490 1# - SERIES STATEMENT | |
| Series statement | International edition. |
| 520 ## - SUMMARY, ETC. | |
| Summary, etc. | Publisher: Edition: tenth. |
| 830 #0 - SERIES ADDED ENTRY--UNIFORM TITLE | |
| Uniform title | International edition. |
| 856 40 - ELECTRONIC LOCATION AND ACCESS | |
| Materials specified | Amazon.com |
| Uniform Resource Identifier | <a href="http://www.amazon.com/exec/obidos/ASIN/8120323491/chopaconline-20">http://www.amazon.com/exec/obidos/ASIN/8120323491/chopaconline-20</a> |
| 942 ## - ADDED ENTRY ELEMENTS (KOHA) | |
| Institution code [OBSOLETE] | NBS |
| Koha item type | Book |
| Call number prefix | 658.8 KOT |
| Source of classification or shelving scheme | |
| Withdrawn status | Lost status | Damaged status | Not for loan | Permanent Location | Current Location | Date acquired | Total Checkouts | Full call number | Barcode | Date last seen | Date last checked out | Price effective from | Koha item type |
|---|---|---|---|---|---|---|---|---|---|---|---|---|---|
| Central Library (CL) | Central Library (CL) | 08/28/2013 | 1 | 658.8 KOT | NBS5818 | 07/23/2015 | 11/06/2014 | 08/28/2013 | Book | ||||
| Central Library (CL) | Central Library (CL) | 08/28/2013 | 6 | 658.8 KOT | NBS5817 | 08/27/2024 | 06/24/2024 | 08/28/2013 | Book | ||||
| Central Library (CL) | Central Library (CL) | 08/28/2013 | 3 | 658.8 KOT | NBS6342 | 09/27/2017 | 09/12/2017 | 08/28/2013 | Book |
